| 000 | 00946nam a2200289 i 4500 | ||
|---|---|---|---|
| 001 | bg | ||
| 003 | BPK | ||
| 005 | 20200424135038.0 | ||
| 008 | 010420s1979 pl a |001 0 pol | ||
| 015 | _aPB 5237/79 | ||
| 040 |
_aWA N _cBPK |
||
| 041 | 0 | _apol | |
| 080 | _a532 | ||
| 080 | _a(075.8) | ||
| 100 | 1 |
_aWyszkowski, Klemens. _eAutor |
|
| 245 | 1 | 0 |
_aMechanika cieczy i gazów. _nCz. 1 / _cKlemens Wyszkowski. |
| 250 | _aWyd. 3. | ||
| 260 |
_aWarszawa : _bWydawnictwa Politechniki Warszawskiej, _c1979. |
||
| 300 |
_a268 s. : _bil. ; _c25 cm. |
||
| 504 | _aBibliogr. - Indeksy. | ||
| 521 | 8 | _aDla studiów inżynierskich Inżynierii Środowiska. | |
| 655 | 4 | _aPodręczniki akademickie | |
| 650 | 4 | _aMechanika płynów | |
| 710 | 2 |
_aWydawnictwa Politechniki Warszawskiej _4pbl. |
|
| 942 |
_2UKD _cKS |
||
| 856 |
_uhttp://koha.tu.koszalin.pl/cgi-bin/koha/opac-detail.pl?biblionumber=1375 _yKatalog online BPK |
||
| 999 |
_c1375 _d1375 |
||